| 000 | 01065nam a2200265Ia 4500 | ||
|---|---|---|---|
| 003 | OSt | ||
| 005 | 20200728111102.0 | ||
| 008 | 191128s1995 ck adb fr 000 0 spa d | ||
| 020 | _a9589506119 | ||
| 040 |
_aCO-JMCR _cCO-JMCR |
||
| 041 | 0 | _aspa | |
| 082 | 0 | 4 |
_a341 / _bV494d _223 |
| 100 | 1 |
_aVergara Molano, Alberto, _eautor _97949 |
|
| 245 | 1 | 0 |
_aDerecho internacional público / _cAlberto Vergara Molano |
| 250 | _aSegunda edición | ||
| 260 |
_aBogotá : _bLa Constitución, _c1995 |
||
| 300 |
_a621 páginas : _bgráficos y mapas a blanco y negro ; _c24 cm. |
||
| 500 | _aIncluye notas a pie de página. | ||
| 504 | _aBibliografía: páginas 615-621 | ||
| 505 | 0 | _aNociones generales del derecho internacional - Historia del derecho internacional -- Principales corrientes doctrinas del derecho internacional -- Teorías sobre el fundamento jurídico del derecho internacional. | |
| 650 | 1 | 4 |
_aDerecho internacional público _97950 |
| 651 | 2 |
_aColombia _xlímites _zVenezuela _97951 |
|
| 651 | 2 |
_aColombia _xlímites _zNicaragua _97952 |
|
| 942 |
_2ddc _cBK |
||
| 999 |
_c3670 _d3670 |
||